Statistiques concernant Focus sur: Hallas - Tolkien

Cliquez ici pour prendre le quiz!

Statistiques générales

  • Ce quiz a été pris 5 fois
  • Le résultat moyen est 7 sur 9

Statistiques - réponses

Informations recherchéesRéponses% Correct
ContréeGondor
100%
EspèceHomme
100%
Profession et titreIntendant du Gondor
100%
Première mentionLe Seigneur des Anneaux: Le Retour du Roi
100%
CitéMinas Anor
100%
Age durant lequel il vécutTroisième
100%
Lignée (partiellement)Númenor
80%
PèreCirion
40%
FilsHúrin II
20%

Distribution des résultats

Percentile par nombre de réponses

% des personnes avec chaque résultat

Votre développement - résultats

Vous n’avez pas pris ce quiz